Estadísticas para Selecciones a las que anotó Cristiano Ronaldo

Haz click aquí para tomar la prueba!

Estadísticas generales

  • Esta prueba ha sido tomada 46 veces
    (40 desde el último reinicio)
  • La puntuación promedio es 26 de 41

Estadísticas de respuestas

ConfederaciónPaísGolesÚltimo año% Correcto
UEFAEspaña32018
100%
ConmebolArgentina12011
94%
UEFASuecia72020
86%
UEFARusia32017
86%
UEFAGrecia12004
83%
UEFAPaíses Bajos42013
80%
UEFASuiza32019
80%
UEFAPolonia12007
80%
UEFABélgica32016
80%
UEFALetonia52017
77%
UEFAFinlandia12009
74%
UEFARepública Checa22012
74%
UEFAHungría42017
74%
UEFAEstonia42016
74%
UEFALituania72019
74%
UEFAUcrania12019
71%
UEFABosnia y Herzegovina22011
69%
UEFALuxemburgo52019
69%
UEFACroacia12013
69%
UEFAIslandia12010
69%
UEFADinamarca32014
66%
UEFASerbia12019
66%
CAFMarruecos12018
63%
ConmebolEcuador12013
60%
AFCIrán12006
60%
UEFAEslovaquia12005
60%
UEFAAndorra52017
60%
UEFAIrlanda del Norte32013
54%
OFCNueva Zelanda12017
51%
UEFAGáles12016
51%
CAFEgipto22018
51%
CAFCamerún22014
49%
UEFAChipre22011
49%
AFCArabia Saudita22006
46%
ConcacafPanamá12012
40%
AFCCorea del Norte12010
37%
UEFAIslas Feroe42017
31%
UEFAArmenia52015
29%
CAFGhana12014
26%
UEFAKazajistán22007
23%
UEFAAzerbaiyán22006
23%

Distribución de puntuación

Porcentaje por número respondido

Porcentaje de gente con cada puntuación

Historial de tus puntuaciones

No has tomado esta prueba desde el último reinicio